[Event "Open de Provence"]
[Site "Meyreuil"]
[Date "2009.07.08"]
[Round "5.1"]
[White "Nakache, Jonathan"]
[Black "Apicella, Manuel"]
[Result "1/2-1/2"]
[WhiteElo "1905"]
[BlackElo "2525"]
[PlyCount "97"]
[EventDate "2009.??.??"]

1. e4 e6 2. d4 d5 3. Nc3 Bb4 4. e5 Ne7 5. Qg4 c5 6. a3 Bxc3+ 7. bxc3 O-O 8. Nf3
Nbc6 9. Bd3 f5 10. exf6 Rxf6 11. Bg5 Rf7 12. Qh4 h6 13. O-O Qf8 14. Bxe7 Rxe7
15. Bb5 Nb8 16. Ne5 Rc7 17. Bd3 Nc6 18. Rfe1 Nxe5 19. Rxe5 c4 20. Bg6 Bd7 21.
Rae1 Rc6 22. R1e3 Qxa3 23. g4 Rb6 24. g5 Rb1+ 25. Re1 Rxe1+ 26. Rxe1 Qe7 27.
Re5 a5 28. Qh5 Be8 29. gxh6 Bxg6 30. Qxg6 Qf6 31. Rxe6 Qxg6+ 32. Rxg6 Kh7 33.
Rxg7+ Kxh6 34. Rxb7 a4 35. Rb2 a3 36. Ra2 Kg5 37. f3 Kf4 38. Kf2 Rb8 39. Rxa3
Rb2 40. h4 Rxc2+ 41. Ke1 Kxf3 42. Kd1 Rh2 43. Ra8 Ke4 44. Rg8 Rxh4 45. Rg2 Rh3
46. Kd2 Rd3+ 47. Kc2 Rf3 48. Re2+ Re3 49. Kd2 1/2-1/2

[Event "Open de Provence"]
[Site "Meyreuil"]
[Date "2009.07.08"]
[Round "5.2"]
[White "Guidarelli, Laurent"]
[Black "Chauvet, Vincent"]
[Result "1/2-1/2"]
[WhiteElo "2436"]
[BlackElo "1904"]
[PlyCount "65"]
[EventDate "2009.??.??"]

1. d4 Nf6 2. c4 c5 3. d5 e6 4. Nc3 exd5 5. cxd5 d6 6. Nf3 g6 7. Qa4+ Bd7 8. Qb3
Qc7 9. e4 Bg7 10. Bf4 Ng4 11. h3 Ne5 12. Bxe5 dxe5 13. Be2 O-O 14. O-O b6 15.
Rfd1 Qd6 16. Nd2 Kh8 17. Nc4 Qf6 18. a4 Na6 19. Ne3 Nb4 20. Bb5 Bc8 21. a5 Rb8
22. axb6 axb6 23. Nc4 Qg5 24. Na4 f5 25. Ncxb6 fxe4 26. Nxc8 Rfxc8 27. Qc4 Nd3
28. Bd7 Rb4 29. Qc2 Nf4 30. g3 Rcb8 31. Qxc5 Rb3 32. Nc3 Nd3 33. Qe3 1/2-1/2

[Event "Open de Provence"]
[Site "Meyreuil"]
[Date "2009.07.08"]
[Round "5.3"]
[White "Tholey, Jean-Paul"]
[Black "Lemiere, Frederic"]
[Result "0-1"]
[WhiteElo "2008"]
[BlackElo "2109"]
[PlyCount "106"]
[EventDate "2009.??.??"]

1. d4 e6 2. c4 d5 3. Nc3 c5 4. cxd5 exd5 5. Nf3 Nc6 6. g3 Nf6 7. Bg2 Be7 8. O-O
O-O 9. Bf4 Bg4 10. dxc5 Bxc5 11. Ne5 Be6 12. Rc1 Bb6 13. Na4 Rc8 14. Nc5 Nxe5
15. Nxe6 Rxc1 16. Nxd8 Rxd1 17. Rxd1 Neg4 18. Nxb7 Nxf2 19. Rb1 Nh3+ 20. Kh1
Nxf4 21. gxf4 Rb8 22. Nd6 g6 23. e4 dxe4 24. Nxe4 Nxe4 25. Bxe4 Bd4 26. b3 Re8
27. Re1 Kg7 28. Re2 f5 29. Bd3 Rxe2 30. Bxe2 Be3 31. Kg2 Bxf4 32. h3 Kf6 33.
Kf3 Ke5 34. Bc4 Bc1 35. a4 Bd2 36. Bf7 a5 37. Be8 Kf6 38. Ke2 Bb4 39. Kf3 Kg5
40. Bf7 Bd6 41. Be8 Kf6 42. Kg2 Ke7 43. Bb5 g5 44. Kf3 h5 45. Be2 Kf6 46. Kg2
g4 47. Bd1 Kg5 48. Bc2 f4 49. Be4 Kh4 50. hxg4 hxg4 51. Bc6 f3+ 52. Kg1 Kg3 53.
Bd5 Kf4 0-1

[Event "Open de Provence"]
[Site "Meyreuil"]
[Date "2009.07.08"]
[Round "5.4"]
[White "Nobili, Denis"]
[Black "Colandrea, Sauveur"]
[Result "1-0"]
[WhiteElo "1944"]
[BlackElo "1901"]
[PlyCount "39"]
[EventDate "2009.??.??"]

1. d4 Nf6 2. g3 d5 3. Bg2 c6 4. Nf3 Bf5 5. O-O e6 6. c4 Be7 7. Nc3 h6 8. b3 O-O
9. Bb2 Nbd7 10. e3 Qb6 11. Qe2 Rac8 12. Rfd1 Rfd8 13. Rac1 c5 14. cxd5 exd5 15.
Na4 Qd6 16. dxc5 Nxc5 17. Nxc5 Rxc5 18. Ba3 Ne4 19. Nd4 Qd7 20. Nxf5 1-0

[Event "Open de Provence"]
[Site "Meyreuil"]
[Date "2009.07.08"]
[Round "5.5"]
[White "Loysel, Yves"]
[Black "Battaglia, Gerard"]
[Result "0-1"]
[WhiteElo "1870"]
[BlackElo "1912"]
[PlyCount "74"]
[EventDate "2009.??.??"]

1. e4 e6 2. d4 d5 3. Nd2 Nf6 4. e5 Nfd7 5. Bd3 c5 6. c3 Nc6 7. Ngf3 Qb6 8. O-O
cxd4 9. cxd4 Nxd4 10. Nxd4 Qxd4 11. Nf3 Qb6 12. Qa4 Qb4 13. Qc2 h6 14. a3 Qb6
15. Qa4 Be7 16. Qg4 Kf8 17. b4 Qd8 18. Be3 b6 19. Rac1 a5 20. Rc2 Bb7 21. Rfc1
Rc8 22. h3 g5 23. Qh5 Rxc2 24. Rxc2 axb4 25. axb4 d4 26. Nxd4 Nxe5 27. Be2 Bxb4
28. Nb5 Be4 29. Rc7 Bg6 30. Bxg5 Qxg5 31. Qxg5 hxg5 32. Rc8+ Kg7 33. Rc7 Bc5
34. Bd1 Nd3 35. Kf1 Nf4 36. Nc3 Rd8 37. Bb3 Rd3 0-1

[Event "Open de Provence"]
[Site "Meyreuil"]
[Date "2009.07.08"]
[Round "5.6"]
[White "Baquer, Marc"]
[Black "Giry, Jean-Marc"]
[Result "0-1"]
[WhiteElo "1807"]
[BlackElo "2006"]
[PlyCount "66"]
[EventDate "2009.??.??"]

1. d4 b6 2. Bg5 Bb7 3. e3 g6 4. Nf3 Bg7 5. Nbd2 Nf6 6. Bd3 O-O 7. O-O d6 8. c4
Nbd7 9. Rc1 Qe8 10. e4 e5 11. d5 Nc5 12. Bb1 a5 13. Re1 h6 14. Be3 Ncd7 15. Bc2
Ng4 16. Ba4 Nxe3 17. Rxe3 Bc8 18. Bc6 Ra7 19. Qa4 Qd8 20. b4 Nb8 21. c5 Nxc6
22. dxc6 bxc5 23. bxc5 d5 24. exd5 Qxd5 25. Nc4 e4 26. Rd1 Qxc5 27. Rxe4 Bf5
28. Re3 Rb8 29. Nfe5 Rb4 30. Nd7 Qxc4 31. Re8+ Kh7 32. Qa3 Qxc6 33. Qe3 Qxd7
0-1

[Event "Open de Provence"]
[Site "Meyreuil"]
[Date "2009.07.08"]
[Round "5.7"]
[White "Maury, Claude"]
[Black "Jean, Olivier"]
[Result "1/2-1/2"]
[WhiteElo "1883"]
[BlackElo "2217"]
[PlyCount "114"]
[EventDate "2009.??.??"]

1. d4 Nf6 2. Bf4 g6 3. e3 Bg7 4. Bd3 d6 5. Nf3 O-O 6. c3 Nc6 7. Qc2 Qe8 8. Bg3
e5 9. dxe5 dxe5 10. e4 h6 11. Nbd2 Nh5 12. O-O-O Nxg3 13. fxg3 Qe7 14. Kb1 a5
15. Rhf1 Nd8 16. Rf2 Ne6 17. Nh4 Nc5 18. Bc4 Kh7 19. Rdf1 f6 20. Nb3 Be6 21.
Bxe6 Nxe6 22. Qe2 a4 23. Nc1 h5 24. Nd3 Rad8 25. g4 hxg4 26. Qxg4 Ng5 27. Nc1
Qe6 28. Qxe6 Nxe6 29. Kc2 Nc5 30. Re2 Rd6 31. Rd1 Rfd8 32. Rxd6 Rxd6 33. b4 Ne6
34. Nd3 b5 35. Nf3 Bh6 36. g3 Kg7 37. Re1 Kf7 38. Rd1 Be3 39. Nb2 Rxd1 40. Nxd1
Bb6 41. Kd3 c6 42. Ne3 Nc7 43. h4 Ne6 44. Nd1 Ng7 45. c4 Ne6 46. c5 Bd8 47. Ne3
Ng7 48. g4 Ke6 49. a3 Be7 50. g5 f5 51. Nd1 Nh5 52. Nf2 Ng3 53. Ke3 Nh5 54. Nd3
fxe4 55. Kxe4 Ng3+ 56. Ke3 Nf5+ 57. Ke4 Ng3+ 1/2-1/2

[Event "Open de Provence"]
[Site "Meyreuil"]
[Date "2009.07.08"]
[Round "5.8"]
[White "Girard, Jean-Pierre"]
[Black "Vallette, Patrick"]
[Result "1/2-1/2"]
[WhiteElo "1938"]
[BlackElo "1855"]
[PlyCount "72"]
[EventDate "2009.??.??"]

1. e4 e6 2. d4 d5 3. Nd2 Nf6 4. e5 Nfd7 5. Bd3 c5 6. c3 Nc6 7. Ne2 cxd4 8. cxd4
f6 9. exf6 Qxf6 10. Nf3 Bb4+ 11. Bd2 Bxd2+ 12. Qxd2 O-O 13. O-O e5 14. dxe5
Ndxe5 15. Nxe5 Nxe5 16. Bc2 Be6 17. Nd4 Bf7 18. b3 Rfd8 19. Rac1 Rac8 20. Bf5
Rxc1 21. Rxc1 Nc6 22. Nxc6 bxc6 23. Qc2 g6 24. Bd3 Be8 25. g3 Bd7 26. Bf1 Rf8
27. h4 Rf7 28. Qd2 Kg7 29. b4 Qf5 30. Qd4+ Qf6 31. Qd2 Qf5 32. a4 h6 33. Qd4+
Qf6 34. Qd2 Qf5 35. Re1 h5 36. Bd3 Qf6 1/2-1/2

[Event "Open de Provence"]
[Site "Meyreuil"]
[Date "2009.07.08"]
[Round "5.9"]
[White "Noireaut, Hung"]
[Black "Jeanjean, Dominique"]
[Result "0-1"]
[WhiteElo "1746"]
[BlackElo "2151"]
[PlyCount "112"]
[EventDate "2009.??.??"]

1. e4 e5 2. Nf3 Nc6 3. d4 exd4 4. Nxd4 Nf6 5. Nxc6 bxc6 6. Bd3 d5 7. O-O dxe4
8. Re1 Be7 9. Bf1 Qxd1 10. Rxd1 Bf5 11. Bf4 Nd5 12. Be5 O-O 13. c4 Nb4 14. Nc3
Bd8 15. a3 Nd3 16. Bxd3 exd3 17. Na2 Re8 18. Bd4 Be7 19. Be5 Bc5 20. Bxc7 Re2
21. Nc3 Rxf2 22. Bd6 Bd4 23. Be5 Rf4+ 24. Bxd4 Rxd4 25. b3 d2 26. Ra2 Rad8 27.
Ne2 R4d7 28. h3 g5 29. Ng3 Be6 30. Ne4 Rd3 31. Raxd2 Rxd2 32. Rxd2 Rxd2 33.
Nxd2 f5 34. Nf3 h6 35. h4 gxh4 36. Nxh4 Kf7 37. Kf2 Kf6 38. Nf3 c5 39. Ke3 a5
40. Kf4 a4 41. bxa4 Bxc4 42. Ne5 Bd5 43. Nd7+ Kg6 44. g3 c4 45. Ne5+ Kf6 46. a5
c3 47. Nd3 Bc4 48. Ke3 c2 49. Nc1 h5 50. Kd4 Ba6 51. Ke3 Kg5 52. Kf3 Bb7+ 53.
Kf2 Kg4 54. Nd3 Ba6 55. Nc1 f4 56. gxf4 Kxf4 0-1

[Event "Open de Provence"]
[Site "Meyreuil"]
[Date "2009.07.08"]
[Round "5.10"]
[White "Madranges, Jean"]
[Black "Deleau, Denis"]
[Result "1-0"]
[WhiteElo "1733"]
[BlackElo "2150"]
[PlyCount "33"]
[EventDate "2009.??.??"]

1. d4 g6 2. Nf3 Bg7 3. e4 c6 4. Nc3 d6 5. Be3 Nf6 6. Qd2 Nbd7 7. Bh6 Bxh6 8.
Qxh6 e5 9. O-O-O Qe7 10. dxe5 dxe5 11. Bc4 b5 12. Bb3 Nc5 13. Rd2 a5 14. Rhd1
Nxb3+ 15. cxb3 Bg4 16. Rd6 Rc8 17. Qg7 1-0

[Event "Open de Provence"]
[Site "Meyreuil"]
[Date "2009.07.08"]
[Round "5.11"]
[White "Nicolai, Eric"]
[Black "Fayette, Sylvain"]
[Result "1/2-1/2"]
[WhiteElo "1700"]
[BlackElo "2023"]
[PlyCount "106"]
[EventDate "2009.??.??"]

1. c4 f5 2. Nc3 Nf6 3. Nf3 g6 4. g3 Bg7 5. Bg2 O-O 6. d3 c5 7. Bf4 d6 8. Qd2
Nc6 9. Bh6 Rb8 10. Bxg7 Kxg7 11. O-O e5 12. h3 Nd4 13. Nxd4 cxd4 14. Nd5 Nxd5
15. Bxd5 f4 16. Kh2 Qg5 17. Qb4 Qe7 18. Qe1 Qg5 19. b4 Qh5 20. Bg2 g5 21. f3
Rf6 22. g4 Qe8 23. Rh1 Be6 24. a4 Bd7 25. b5 Qd8 26. Qb4 Qc7 27. Rhc1 Qc5 28.
Qxc5 dxc5 29. Rc2 a6 30. Rca2 axb5 31. axb5 Rff8 32. Kg1 Kf6 33. Kf2 Rh8 34.
Ra7 Ke7 35. Rh1 h5 36. Ra2 Kd6 37. Rha1 Kc7 38. Ke1 b6 39. Kd2 Bc8 40. Ke1 Bb7
41. Ra7 Rh6 42. Kf2 Rbh8 43. Rh1 Kb8 44. Ra2 R8h7 45. Raa1 Ba8 46. Ra3 hxg4 47.
fxg4 Bxg2 48. Kxg2 Ra7 49. Rha1 Rxa3 50. Rxa3 Re6 51. Kf3 Rh6 52. Kg2 Re6 53.
Kf3 Rh6 1/2-1/2

[Event "Open de Provence"]
[Site "Meyreuil"]
[Date "2009.07.08"]
[Round "5.12"]
[White "Poulain, Cedric"]
[Black "Burmonas, Romain"]
[Result "1-0"]
[WhiteElo "1931"]
[BlackElo "1611"]
[PlyCount "63"]
[EventDate "2009.??.??"]

1. Nf3 d5 2. g3 Nd7 3. d4 e6 4. c4 c6 5. Qc2 Bd6 6. Bg2 f5 7. O-O Ngf6 8. cxd5
exd5 9. Qxf5 O-O 10. Qe6+ Kh8 11. Qxd6 Ne4 12. Qa3 Ndf6 13. Nbd2 Bf5 14. Ne5
Qc8 15. Nxe4 Nxe4 16. Be3 Bh3 17. Qe7 Bxg2 18. Kxg2 Qf5 19. Qd7 Qh5 20. f3 Nf6
21. Qe6 Rae8 22. Qh3 Qxh3+ 23. Kxh3 Ng8 24. Bd2 Ne7 25. Bb4 Rf5 26. g4 Rf4 27.
e3 Rf6 28. Bxe7 Rxe7 29. g5 Rf5 30. Kg4 g6 31. h4 Kg7 32. Rac1 1-0

[Event "Open de Provence"]
[Site "Meyreuil"]
[Date "2009.07.08"]
[Round "5.13"]
[White "Derien, Robert"]
[Black "Flores, Adrian"]
[Result "0-1"]
[WhiteElo "1801"]
[BlackElo "1680"]
[PlyCount "74"]
[EventDate "2009.??.??"]

1. e4 c5 2. Nf3 d6 3. Bc4 a6 4. c3 Nf6 5. Qb3 e6 6. Ng5 h6 7. Nf3 Nc6 8. Qc2 b5
9. Be2 Bb7 10. O-O g5 11. h3 e5 12. d3 Rg8 13. Nh2 Bc8 14. Qd1 Be6 15. Ng4 Nxg4
16. Bxg4 Qd7 17. Bxe6 Qxe6 18. a4 b4 19. Nd2 g4 20. hxg4 Rxg4 21. Nc4 Be7 22.
f4 Qg6 23. Qe2 O-O-O 24. f5 Qh5 25. f6 Rdg8 26. fxe7 Nxe7 27. Rf2 Rxg2+ 28.
Rxg2 Qxe2 29. Rxg8+ Nxg8 30. Nxd6+ Kd7 31. Nc4 Ke6 32. cxb4 Nf6 33. bxc5 Ng4
34. Be3 Nxe3 35. Nxe3 Qxe3+ 36. Kh2 Qxc5 37. Kg3 Qe3+ 0-1

[Event "Open de Provence"]
[Site "Meyreuil"]
[Date "2009.07.08"]
[Round "5.14"]
[White "Navarro, Bertrand"]
[Black "Sartre, Guilhem"]
[Result "0-1"]
[WhiteElo "1790"]
[BlackElo "1677"]
[PlyCount "95"]
[EventDate "2009.??.??"]

1. e4 e6 2. d4 d5 3. Nc3 Nf6 4. e5 Nfd7 5. Nf3 c5 6. Ne2 Nc6 7. c3 Qb6 8. Nf4
cxd4 9. cxd4 Bb4+ 10. Bd2 Nxd4 11. Nxd4 Qxd4 12. Nd3 Bxd2+ 13. Qxd2 Nxe5 14.
Rc1 Nxd3+ 15. Bxd3 Bd7 16. O-O Qf6 17. Rc7 Bc6 18. Qc2 Qd8 19. Rxc6 bxc6 20.
Qxc6+ Kf8 21. Rc1 Qe8 22. Qd6+ Qe7 23. Qf4 e5 24. Qg4 h5 25. Rc8+ Rxc8 26.
Qxc8+ Qe8 27. Qc5+ Kg8 28. Qxd5 g6 29. Bxg6 Kg7 30. Bd3 Rh6 31. Qe4 Qe6 32. b4
Qd6 33. a4 Qd4 34. Qxd4 exd4 35. b5 Re6 36. Kf1 Kf6 37. a5 Ke7 38. b6 axb6 39.
a6 Re5 40. Be4 Ra5 41. Bb7 Ra2 42. Ke1 d3 43. a7 Rxa7 44. Be4 Ra1+ 45. Kd2 Ra2+
46. Kxd3 Rxf2 47. h4 Rf4 48. Bf3 0-1

[Event "Open de Provence"]
[Site "Meyreuil"]
[Date "2009.07.08"]
[Round "5.15"]
[White "Madranges, Julien"]
[Black "Estevez, Ange"]
[Result "1-0"]
[WhiteElo "1904"]
[BlackElo "1640"]
[PlyCount "67"]
[EventDate "2009.??.??"]

1. d4 e5 2. dxe5 Nc6 3. Bf4 f6 4. Nf3 g5 5. Bg3 g4 6. Nd4 Nxe5 7. e3 d5 8. Be2
c5 9. Nb3 h5 10. h3 Bg7 11. Nc3 c4 12. Nd4 Ne7 13. Qd2 a5 14. Rd1 gxh3 15. gxh3
h4 16. Bf4 Bh6 17. Ndb5 Be6 18. Bxh6 Rxh6 19. e4 Nf7 20. exd5 Bf5 21. d6 Nc6
22. Nc7+ Kf8 23. Nxa8 Qxa8 24. Bxc4 Nce5 25. Qe2 b5 26. Bd5 Qa7 27. Nxb5 Qc5
28. f4 Qb4+ 29. Qd2 Qxb5 30. fxe5 Qxb2 31. c3 Qb6 32. Bxf7 Kxf7 33. Qxh6 Qc6
34. Qxf6+ 1-0

[Event "Open de Provence"]
[Site "Meyreuil"]
[Date "2009.??.08"]
[Round "5.16"]
[White "Scamaroni, Jean-Paul"]
[Black "Vighetti, Patrice"]
[Result "0-1"]
[WhiteElo "1830"]
[BlackElo "1690"]
[PlyCount "52"]
[EventDate "2009.??.??"]

1. d4 d5 2. c4 c6 3. Nf3 Nf6 4. Nc3 e6 5. Bg5 Nbd7 6. e3 Bb4 7. Nd2 Qa5 8. Qc2
dxc4 9. Bxf6 Nxf6 10. Bxc4 b5 11. Nb3 Qb6 12. Bd3 a6 13. O-O c5 14. dxc5 Bxc5
15. Ne4 Be7 16. Nxf6+ Bxf6 17. Bxh7 g6 18. Bxg6 fxg6 19. Qxg6+ Ke7 20. Rac1 Bb7
21. Qg3 e5 22. f3 Rag8 23. Qe1 Bg5 24. Nc5 Qh6 25. h3 Bxe3+ 26. Kh1 Qxh3+ 0-1

[Event "Open de Provence"]
[Site "Meyreuil"]
[Date "2009.07.08"]
[Round "5.17"]
[White "Benali, Boubaker"]
[Black "Montanelli, Tristan"]
[Result "1/2-1/2"]
[WhiteElo "1770"]
[BlackElo "1638"]
[PlyCount "76"]
[EventDate "2009.??.??"]

1. d4 e6 2. c4 c5 3. e3 Nf6 4. Nc3 a6 5. Bd3 d5 6. cxd5 Nxd5 7. Nxd5 Qxd5 8.
Nf3 c4 9. Qc2 b5 10. Be4 Qh5 11. Bxa8 Bd6 12. Qe4 O-O 13. Qh4 Qg6 14. Be4 f5
15. Bc2 Nd7 16. Qg5 Qe8 17. Ne5 Rf6 18. Qf4 Bb7 19. f3 Rg6 20. g4 fxg4 21. Bxg6
Nxe5 22. dxe5 Qxg6 23. Qxg4 Bb4+ 24. Kf2 Qc2+ 25. Kg3 Kf7 26. Rg1 c3 27. bxc3
Bxc3 28. Rg2 Qd3 29. Kh3 g6 30. Qf4+ Ke8 31. Bb2 Bb4 32. Rc1 Ba5 33. Rgc2 h6
34. Bd4 Bd8 35. Qxh6 Qf5+ 36. Kg2 Qxf3+ 37. Kg1 Qh1+ 38. Kf2 Qf3+ 1/2-1/2

[Event "Open de Provence"]
[Site "Meyreuil"]
[Date "2009.07.08"]
[Round "5.18"]
[White "Del Vecchio, Alain"]
[Black "Chazeau, Laineur-Lothaire"]
[Result "1-0"]
[WhiteElo "1900"]
[BlackElo "1650"]
[PlyCount "57"]
[EventDate "2009.??.??"]

1. e4 c6 2. d4 d5 3. f3 Nf6 4. e5 Nfd7 5. f4 e6 6. Nf3 c5 7. Nc3 Nc6 8. Be3 a6
9. Be2 Be7 10. O-O O-O 11. Kh1 b5 12. a3 Bb7 13. g4 cxd4 14. Nxd4 Nxd4 15. Bxd4
Bc5 16. Bf3 Bxd4 17. Qxd4 Qb6 18. Qxb6 Nxb6 19. Ne2 Nc4 20. Nd4 Nxb2 21. Rae1
Nc4 22. f5 Nd2 23. Rf2 Nxf3 24. Rxf3 Rfe8 25. Kg1 Rac8 26. Ref1 Rc7 27. fxe6
fxe6 28. Nxe6 Rce7 29. Rf8+ 1-0

[Event "Open de Provence"]
[Site "Meyreuil"]
[Date "2009.07.08"]
[Round "5.19"]
[White "Flores, Francisco"]
[Black "Aubry, Michel"]
[Result "1-0"]
[WhiteElo "1810"]
[BlackElo "1499"]
[PlyCount "61"]
[EventDate "2009.??.??"]

1. e4 e5 2. Nf3 d6 3. d4 Nd7 4. Bc4 Ngf6 5. Nc3 Be7 6. Be3 O-O 7. Qd2 Nb6 8.
Bb3 Bd7 9. dxe5 dxe5 10. Nxe5 Bb4 11. f3 Qe7 12. Nd3 Bxc3 13. Qxc3 Qd8 14.
O-O-O c6 15. h4 Re8 16. g4 Qc8 17. Ne5 Be6 18. h5 Bxb3 19. axb3 Qe6 20. Nd3
Nbd5 21. Qe1 Nxe3 22. Qxe3 h6 23. Rdg1 Nd5 24. Qd2 Ne7 25. g5 Kh7 26. gxh6 Qxh6
27. f4 Rad8 28. Rg5 c5 29. Qc3 Rg8 30. Rg6 Nxg6 31. hxg6+ 1-0

[Event "Open de Provence"]
[Site "Meyreuil"]
[Date "2009.07.08"]
[Round "5.20"]
[White "Benezra, David"]
[Black "Jean, Nicolas"]
[Result "0-1"]
[WhiteElo "1440"]
[BlackElo "1680"]
[PlyCount "96"]
[EventDate "2009.??.??"]

1. e4 e5 2. Nf3 Nc6 3. d4 exd4 4. Nxd4 Bc5 5. Nxc6 bxc6 6. Nc3 Nf6 7. e5 Ng8 8.
Qe2 Ne7 9. Bd2 O-O 10. O-O-O Ng6 11. g3 Re8 12. f4 d5 13. Na4 Bb6 14. Qf3 Qd7
15. h4 Qg4 16. Qxg4 Bxg4 17. Nxb6 cxb6 18. Re1 Nf8 19. Be2 Bxe2 20. Rxe2 Ne6
21. Rhe1 Nc5 22. g4 Ne4 23. Rg1 Re7 24. c4 Nxd2 25. Rxd2 dxc4 26. Rgd1 Kf8 27.
Kc2 Ke8 28. Rd6 Rc8 29. R1d4 b5 30. Kc3 a5 31. Re4 Rd7 32. Kd4 c3 33. Kxc3 Rxd6
34. exd6+ Kd7 35. Rd4 c5 36. Rd1 Rc6 37. g5 Rxd6 38. Rxd6+ Kxd6 39. b3 Kd5 40.
Kd3 g6 41. Ke3 c4 42. bxc4+ bxc4 43. Kd2 Kd4 44. a4 c3+ 45. Kc2 Kc4 46. Kc1 Kb3
47. Kb1 c2+ 48. Kc1 Kc3 0-1

[Event "Open de Provence"]
[Site "Meyreuil"]
[Date "2009.07.08"]
[Round "5.21"]
[White "Noireaut, Hoan"]
[Black "Giry, Valentin"]
[Result "1-0"]
[WhiteElo "1500"]
[BlackElo "1370"]
[PlyCount "133"]
[EventDate "2009.??.??"]

1. d4 c5 2. c3 e6 3. Bf4 Nc6 4. e3 a6 5. Nf3 b5 6. Bd3 Nf6 7. Ne5 Bb7 8. O-O
Be7 9. Nd2 O-O 10. Ndf3 Nh5 11. Nxc6 Bxc6 12. Ne5 Nxf4 13. exf4 cxd4 14. cxd4
Bb7 15. Re1 Qc7 16. Rc1 Qd6 17. Qh5 f5 18. Re3 Rf6 19. Rh3 Rh6 20. Qf7+ Kh8 21.
Rxh6 gxh6 22. Qh5 Qxd4 23. Nf7+ Kg7 24. Rd1 Qxf4 25. Be2 Qh4 26. Rxd7 Bc8 27.
Rc7 Qxh5 28. Bxh5 Bf8 29. Nd6+ Kg8 30. Nxc8 Bg7 31. Ne7+ Kf8 32. Rc8+ Rxc8 33.
Nxc8 Bxb2 34. Kf1 a5 35. Be2 b4 36. Nb6 Ke7 37. Ke1 Kd6 38. Kd2 Bd4 39. Nc4+
Kc5 40. Nxa5 Bxf2 41. Nb3+ Kd5 42. Kd3 e5 43. g3 e4+ 44. Kd2 Bg1 45. h3 Bf2 46.
g4 f4 47. Bd1 Kc4 48. Kc2 f3 49. Nd2+ Kd4 50. Kb3 Be1 51. Kc2 Bf2 52. Nb3+ Kc4
53. Kd2 Bb6 54. Bc2 f2 55. Ke2 e3 56. Bxh7 Kd5 57. Bd3 Ke5 58. Kf3 Kf6 59. Nc1
Kg5 60. Bf1 h5 61. Nd3 Bd4 62. Nxb4 Bc5 63. Nd3 Bb6 64. a4 Ba7 65. a5 Bd4 66.
Nf4 h4 67. Ne6+ 1-0

[Event "Open de Provence"]
[Site "Meyreuil"]
[Date "2009.07.08"]
[Round "5.22"]
[White "Bizien, Antoine"]
[Black "Benezra, Amos"]
[Result "1/2-1/2"]
[WhiteElo "1400"]
[BlackElo "1410"]
[PlyCount "42"]
[EventDate "2009.??.??"]

1. d4 Nf6 2. Nf3 d6 3. Nc3 g6 4. e4 Bg7 5. Be3 O-O 6. Qd2 e5 7. d5 Ng4 8. Bg5
f6 9. Bh4 Bd7 10. h3 Nh6 11. Bd3 Nf7 12. O-O a6 13. a4 Be8 14. Rfe1 Nd7 15. g4
Nc5 16. Bc4 a5 17. b3 Bd7 18. Kg2 Qe7 19. Nb5 Bxb5 20. Bxb5 Rfc8 21. Bc4 Kh8
1/2-1/2

[Event "Open de Provence"]
[Site "Meyreuil"]
[Date "2009.07.10"]
[Round "6.1"]
[White "Apicella, Manuel"]
[Black "Nobili, Denis"]
[Result "1-0"]
[WhiteElo "2525"]
[BlackElo "1944"]
[PlyCount "106"]
[EventDate "2009.??.??"]

1. e4 e5 2. Nf3 Nc6 3. Bb5 a6 4. Ba4 Nf6 5. O-O Be7 6. Re1 b5 7. Bb3 d6 8. c3
O-O 9. h3 Bb7 10. d4 Re8 11. Nbd2 Bf8 12. a3 g6 13. Bc2 Bg7 14. d5 Nb8 15. c4
c6 16. b3 Nbd7 17. Nf1 Qc7 18. Ng3 Rac8 19. Ra2 Nb6 20. Bd3 Nfd7 21. Bd2 Qd8
22. Ba5 Qc7 23. Qd2 Qb8 24. Rb1 Qa7 25. Qe3 Rb8 26. a4 bxa4 27. bxa4 c5 28. h4
h5 29. Ng5 Bc8 30. Qf3 Nf6 31. Qe2 Bd7 32. Bc2 Rb7 33. Bc3 Reb8 34. Rf1 Re8 35.
Qd3 Bc8 36. Bd1 Ng4 37. f3 Nf6 38. Raf2 Rbe7 39. f4 Ng4 40. Bxg4 Bxg4 41. fxe5
dxe5 42. Rxf7 Nxa4 43. d6 Rd7 44. Rxd7 Qxd7 45. Rf7 Qc6 46. Qf1 Bh8 47. Rc7 Rf8
48. Rxc6 Rxf1+ 49. Nxf1 Nxc3 50. Ne3 Ne2+ 51. Kf2 Nd4 52. Rxa6 Be6 53. Ra8+ Kg7
1-0

[Event "Open de Provence"]
[Site "Meyreuil"]
[Date "2009.07.10"]
[Round "6.2"]
[White "Battaglia, Gerard"]
[Black "Guidarelli, Laurent"]
[Result "0-1"]
[WhiteElo "1912"]
[BlackElo "2436"]
[PlyCount "44"]
[EventDate "2009.??.??"]

1. d4 Nf6 2. c4 c5 3. d5 b5 4. cxb5 a6 5. f3 e6 6. e4 c4 7. dxe6 fxe6 8. Bxc4
axb5 9. Bb3 Bc5 10. Nc3 O-O 11. Nh3 Nc6 12. Bf4 Qb6 13. Bg3 Nd4 14. Nf2 d5 15.
Nd3 Nxb3 16. Qxb3 Bd4 17. Nf2 Ba6 18. exd5 b4 19. Ne2 exd5 20. a3 Bc4 21. Qc2
Rfe8 22. Ne4 Nxe4 0-1

[Event "Open de Provence"]
[Site "Meyreuil"]
[Date "2009.07.10"]
[Round "6.3"]
[White "Lemiere, Frederic"]
[Black "Nakache, Jonathan"]
[Result "1/2-1/2"]
[WhiteElo "2109"]
[BlackElo "1905"]
[PlyCount "57"]
[EventDate "2009.??.??"]

1. d4 Nf6 2. c4 g6 3. Nf3 Bg7 4. e4 d6 5. h3 O-O 6. Bg5 c5 7. d5 e6 8. Nc3 exd5
9. cxd5 Re8 10. Bd3 h6 11. Be3 b5 12. Bxb5 Nxe4 13. O-O Nxc3 14. bxc3 Bd7 15.
Rb1 Qa5 16. c4 Qxa2 17. Qc1 Kh7 18. Bf4 Bxb5 19. Rxb5 Re4 20. Bxd6 Rxc4 21. Qe3
Rb4 22. Rxc5 Na6 23. Rc6 Rb1 24. Rxb1 Qxb1+ 25. Kh2 Nb4 26. Bxb4 Qxb4 27. d6
Rd8 28. Qxa7 Rxd6 29. Rxd6 1/2-1/2

[Event "Open de Provence"]
[Site "Meyreuil"]
[Date "2009.07.10"]
[Round "6.4"]
[White "Chauvet, Vincent"]
[Black "Tholey, Jean-Paul"]
[Result "1-0"]
[WhiteElo "1904"]
[BlackElo "2008"]
[PlyCount "39"]
[EventDate "2009.??.??"]

1. e4 e6 2. d4 d5 3. exd5 exd5 4. Nf3 Bd6 5. Bd3 Nf6 6. Bg5 O-O 7. O-O Bg4 8.
h3 Bh5 9. g4 Bg6 10. Ne5 Bxd3 11. Qxd3 Re8 12. f4 c5 13. c3 Nc6 14. Nd2 cxd4
15. cxd4 Rc8 16. Ndf3 Be7 17. Bxf6 Bxf6 18. g5 Be7 19. Qf5 f6 20. Qe6+ 1-0

[Event "Open de Provence"]
[Site "Meyreuil"]
[Date "2009.07.10"]
[Round "6.5"]
[White "Giry, Jean-Marc"]
[Black "Jean, Olivier"]
[Result "0-1"]
[WhiteElo "2006"]
[BlackElo "2217"]
[PlyCount "112"]
[EventDate "2009.??.??"]

1. c4 c5 2. g3 Nc6 3. Bg2 g6 4. e4 Bg7 5. Ne2 e6 6. Nbc3 Nge7 7. O-O O-O 8. d3
a6 9. Be3 Nd4 10. Qd2 Rb8 11. f4 d6 12. Rf2 Bd7 13. Raf1 f5 14. h3 Qc7 15. g4
Rbd8 16. exf5 gxf5 17. Rc1 Bc6 18. Bxd4 cxd4 19. Nd5 Qd7 20. Nxe7+ Qxe7 21. g5
e5 22. Bxc6 bxc6 23. fxe5 dxe5 24. Ng3 Qe6 25. Rcf1 f4 26. Ne4 Qxh3 27. Rh2
Qe3+ 28. Rff2 f3 29. Rh3 Rf4 30. Qxe3 dxe3 31. Rfxf3 e2 32. Kf2 Rxd3 33. Rxf4
Rxh3 34. Rg4 Re3 35. Ke1 Bf8 36. a3 Kg7 37. Nc3 Bxa3 38. bxa3 Rxc3 39. Kxe2
Rxa3 40. Re4 Ra5 41. Kf3 Kg6 42. Rh4 Rc5 43. Ke3 Kxg5 44. Rxh7 Rxc4 45. Ra7 Ra4
46. Rc7 Kf5 47. Rxc6 Ra3+ 48. Ke2 a5 49. Rc8 a4 50. Rb8 Rh3 51. Kf2 Rb3 52. Ra8
a3 53. Ra4 e4 54. Ra8 Kf4 55. Rf8+ Ke5 56. Re8+ Kd4 0-1

[Event "Open de Provence"]
[Site "Meyreuil"]
[Date "2009.07.10"]
[Round "6.6"]
[White "Jeanjean, Dominique"]
[Black "Vallette, Patrick"]
[Result "1-0"]
[WhiteElo "2151"]
[BlackElo "1855"]
[PlyCount "65"]
[EventDate "2009.??.??"]

1. e4 e6 2. d4 d5 3. Nd2 c5 4. exd5 exd5 5. Ngf3 Nc6 6. Bb5 Qe7+ 7. Qe2 Qxe2+
8. Kxe2 a6 9. Bxc6+ bxc6 10. Re1 f6 11. Kf1+ Kf7 12. dxc5 Bxc5 13. Nb3 Bd6 14.
Be3 Ne7 15. Bc5 Bxc5 16. Nxc5 Rb8 17. Rab1 Rb5 18. b4 a5 19. Nd4 Rxb4 20. Rxb4
axb4 21. Rb1 Bg4 22. f3 Bh5 23. Rxb4 Ra8 24. Rb7 Kf8 25. Nce6+ Kf7 26. Nf4 Bg6
27. Nxc6 Bxc2 28. Rxe7+ Kg8 29. Ra7 Rxa7 30. Nxa7 d4 31. Ke2 Kf7 32. Nc6 g5 33.
Nd3 1-0